| 000 | 00413nam a2200157Ia 4500 | ||
|---|---|---|---|
| 008 | 230312s9999||||xx |||||||||||||| ||und|| | ||
| 020 | _a3-03768-025-4 | ||
| 082 |
_a720 _bUFF-M |
||
| 100 | _aUffelen;Chris,Van | ||
| 245 | 0 | _aMasterpieces Bridge Architecture+Design | |
| 260 |
_bBraun Publisher _aUSA _c2010 |
||
| 300 | _a301 | ||
| 546 | _aEng. | ||
| 650 |
_aArchitecture _vBridge Architecture+Design |
||
| 942 | _cBK | ||
| 999 |
_c8206 _d8206 |
||